000 00657nam a2200265Ia 4500
003 OSt
005 20221006155748.0
006 a|||||r|||| 00| 0
007 ta
008 221006b |||||||| |||| 00| 0 kor d
020 _a9788952746351
_cW10000
024 _a43,428
037 _cTextual
040 _aEASL
_cEASL
_bkor
041 _2kor
_akor
082 _aO495,6ID, P6
100 _aIdadosi
_9670293
245 0 _aIdadosie Heangbokgonggam
260 _aSeoul
_bSigongsa Korea
_c2006
300 _a182p.
_ccm.
490 _v KL
650 _aKL
942 _hO495,6ID, P6
_cTEXL
_2CC
999 _c1111514
_d1111514